000 00515nam a2200145 a 4500
001 000031462
005 20200930062940.0
008 110627s1996 dr 000 0 spa d
040 _aDO-SdBNP
_bspa
_cBNPHU
082 _axxxx
_bR337
245 0 0 _aReglas oficiales de voleibol.
260 _aSanto Domingo :
_bSecretaria de Estado de Deportes Educación Fisica y Recreación (SEDEFIR), Centro de Documentación :
_bFederación Dominicana de Voleibol 1993-1996,
_c[1996?].
300 _a52 p. ;
_c22 cm.
049 _aBNPD
999 _c30954
_d30954